Música de la arquitectura: textos, obras y proyectos arquitectónicos
Uloženo v:
| Hlavní autor: | |
|---|---|
| Médium: | Kniha |
| Jazyk: | španělština |
| Vydáno: |
Madrid
Akal
2009
|
| Vydání: | 1a. ed |
| Edice: | Textos de Arquitectura, 12
|
| Témata: | |
| Tagy: |
Přidat tag
Žádné tagy, Buďte první, kdo vytvoří štítek k tomuto záznamu!
|
MARC
| LEADER | 00000cam a2200000 a 4500 | ||
|---|---|---|---|
| 001 | UCG0497 | ||
| 003 | CL-VaPUC | ||
| 008 | 100325e20090000SP |||||||||||||||||spa|d | ||
| 020 | |a 9788446024125 | ||
| 082 | 0 | 4 | |a 720.92 |b XEN |2 21 |
| 100 | 0 | |a Xenakis, Iannis |e author |9 547938 | |
| 245 | 1 | 0 | |a Música de la arquitectura: textos, obras y proyectos arquitectónicos |
| 250 | |a 1a. ed | ||
| 300 | |a 443 p | ||
| 942 | |c BK | ||
| 945 | |d 20100325 00:00:00 |a cmena | ||
| 260 | |a Madrid |b Akal |c 2009 | ||
| 600 | 0 | |a Le Corbusier |d 1887-1965 |9 547939 | |
| 650 | 0 | |a Biografías |9 255210 | |
| 650 | 0 | |a Diseño arquitectónico |9 265271 | |
| 650 | 0 | |a Arquitectos rumanos |9 547940 | |
| 650 | 0 | |a Filosofía del arte |9 264951 | |
| 650 | 0 | |a Música |9 306269 | |
| 650 | 0 | |a Arquitectura contemporánea |9 367350 | |
| 583 | |a last modification |c 20170811 01:37:21 |k Rodrigo Vera | ||
| 490 | 0 | |a Textos de Arquitectura, 12 | |
| 999 | |c 340119 |d 340117 | ||
| 952 | |0 0 |1 0 |4 0 |6 720_920000000000000_XEN_2009 |7 0 |8 A |9 434631 |a BIBARQ |b BIBARQ |d 2019-11-22 |i 4656857 |l 3 |o 720.92 XEN 2009 |p 4656857 |r 2025-01-20 |s 2021-09-20 |w 2019-11-22 |y BK |k ARQ | ||
| 952 | |0 0 |1 0 |3 erb |4 0 |6 720_920000000000000_XEN_2009 |7 0 |8 ? |9 434632 |a BIBEDU |b BIBEDU |i 5413508 |l 1 |o 720.92 XEN 2009 |p 5413508 |r 2023-01-12 |s 2022-03-28 |w 2019-11-22 |y BK |z Catalogado en:20170811 |k MUS | ||